Sociálne vzťahy detí od troch do šiestich rokov a ich možné ohrozenie

Bibliographic Details
Main Author: Kováčová, Barbora, 1975- (Author)
Format: Article
Language:Slovak
PhysicalDescription:Tabuľky
ISSN:0032-7220
Subjects:

MARC

LEADER 00000nab a2200000 4500
001 vtls012000810
003 SK-MaSNL
005 20260304170521.0
008 201030|2020 xo |||| ||an ||00 0|slo
015 |a SNBRB2020/10 
040 |e rda 
041 |a slo  |b slo 
044 |a xo  |c SK 
072 7 |a 159.93/.94  |x Senzorické a motorické funkcie. Emócie. Vôľa  |2 konspekt 
072 7 |a 316  |x Sociológia  |2 konspekt 
080 |a 159.938.363.1  |2 2011 
080 |a 316.614  |2 2011 
100 1 |a Kováčová, Barbora,  |d 1975-  |4 aut  |9 213679 
245 1 0 |a Sociálne vzťahy detí od troch do šiestich rokov a ich možné ohrozenie  |c Barbora Kováčová 
300 |b Tabuľky 
336 |a text  |b txt  |2 rdacontent 
337 |a bez média  |b n  |2 rdamedia 
338 |a zväzok  |b nc  |2 rdacarrier 
504 |a Obsahuje bibliografiu 
546 |a Slovenské resumé 
650 0 7 |a predškolský vek  |2 SNKPH  |9 70893 
650 0 7 |a socializácia  |2 SNKPH  |9 4925 
773 0 |t Predškolská výchova  |g Roč. 75, č. 1 (2020/21), s. 6-11  |x 0032-7220 
787 0 8 |i Rec.: 
958 |a NB 
999 |c 2989179  |d 2991109